<?xml version="1.0" encoding="UTF-8"?><marc:collection xmlns:marc="http://www.loc.gov/MARC21/slim">
  <marc:record>
    <marc:leader>00000nam  2200000za 4500</marc:leader>
    <marc:controlfield tag="001">9.840260</marc:controlfield>
    <marc:controlfield tag="003">CaOODSP</marc:controlfield>
    <marc:controlfield tag="005">20230207142142</marc:controlfield>
    <marc:controlfield tag="007">cr |||||||||||</marc:controlfield>
    <marc:controlfield tag="008">170822s2017    oncd    obs  f000 0 fre d</marc:controlfield>
    <marc:datafield tag="020" ind1=" " ind2=" ">
      <marc:subfield code="a">978-0-660-09157-0</marc:subfield>
    </marc:datafield>
    <marc:datafield tag="040" ind1=" " ind2=" ">
      <marc:subfield code="a">CaOODSP</marc:subfield>
      <marc:subfield code="b">fre</marc:subfield>
    </marc:datafield>
    <marc:datafield tag="043" ind1=" " ind2=" ">
      <marc:subfield code="a">n-cn--</marc:subfield>
    </marc:datafield>
    <marc:datafield tag="086" ind1="1" ind2=" ">
      <marc:subfield code="a">CS11-0019/395F-PDF</marc:subfield>
    </marc:datafield>
    <marc:datafield tag="100" ind1="1" ind2=" ">
      <marc:subfield code="a">Hou, Feng, </marc:subfield>
      <marc:subfield code="d">1964- </marc:subfield>
      <marc:subfield code="e">auteur.</marc:subfield>
    </marc:datafield>
    <marc:datafield tag="245" ind1="1" ind2="0">
      <marc:subfield code="a">Étudiants internationaux, immigration et croissance des revenus </marc:subfield>
      <marc:subfield code="h">[ressource électronique] : </marc:subfield>
      <marc:subfield code="b">l’effet d’études universitaires prémigratoires au Canada / </marc:subfield>
      <marc:subfield code="c">par Feng Hou et Yuqian Lu, Division de l’analyse sociale et de la modélisation.</marc:subfield>
    </marc:datafield>
    <marc:datafield tag="260" ind1=" " ind2=" ">
      <marc:subfield code="a">[Ottawa] : </marc:subfield>
      <marc:subfield code="b">Statistique Canada, </marc:subfield>
      <marc:subfield code="c">2017.</marc:subfield>
    </marc:datafield>
    <marc:datafield tag="300" ind1=" " ind2=" ">
      <marc:subfield code="a">33 p. : </marc:subfield>
      <marc:subfield code="b">graph.</marc:subfield>
    </marc:datafield>
    <marc:datafield tag="490" ind1="1" ind2=" ">
      <marc:subfield code="a">Direction des études analytiques, documents de recherche, </marc:subfield>
      <marc:subfield code="x">1205-9161 ; </marc:subfield>
      <marc:subfield code="v">n° 395</marc:subfield>
    </marc:datafield>
    <marc:datafield tag="500" ind1=" " ind2=" ">
      <marc:subfield code="a">Publ. aussi en anglais sous le titre : International students, immigration and earnings growth: the effect of a pre-immigration Canadian university.</marc:subfield>
    </marc:datafield>
    <marc:datafield tag="500" ind1=" " ind2=" ">
      <marc:subfield code="a">« Août 2017. »</marc:subfield>
    </marc:datafield>
    <marc:datafield tag="504" ind1=" " ind2=" ">
      <marc:subfield code="a">Comprend des références bibliographiques.</marc:subfield>
    </marc:datafield>
    <marc:datafield tag="520" ind1="3" ind2=" ">
      <marc:subfield code="a"> « Alors que le fait d’effectuer des études dans le pays de destination peut représenter de nombreux avantages potentiels pour les immigrants, des recherches empiriques menées en Australie, au Canada et aux États-Unis ont produit des résultats contradictoires quant à la situation professionnelle d’immigrants qui sont d’anciens étudiants internationaux. La présente étude utilise de vastes ensembles de données longitudinales nationales, afin d’examiner les tendances entre les cohortes ainsi que les variations au sein des cohortes en matière de revenus pour trois groupes de jeunes diplômés universitaires : des immigrants qui sont d’anciens étudiants internationaux au Canada (immigrants ayant fait leurs études au Canada), des immigrants ayant fait leurs études à l’étranger et possédant un grade universitaire avant leur immigration au Canada et la population née au Canada. Les résultats indiquent que les revenus moyens des immigrants ayant fait leurs études au Canada étaient bien inférieurs à ceux de la population née au Canada, mais supérieurs à ceux des immigrants ayant fait leurs études à l’étranger, et ce, à court ou à long terme. Cependant, les immigrants ayant fait leurs études au Canada représentent un groupe très hétérogène, et le facteur principal distinguant leurs revenus postmigratoires de ceux de la population née au Canada et des immigrants ayant fait leurs études à l’étranger est le fait d’avoir occupé ou non un emploi bien rémunéré au Canada avant d’obtenir leur résidence permanente »--Résumé, p. 5.</marc:subfield>
    </marc:datafield>
    <marc:datafield tag="692" ind1="0" ind2="7">
      <marc:subfield code="2">gccst</marc:subfield>
      <marc:subfield code="a">Étudiant étranger</marc:subfield>
    </marc:datafield>
    <marc:datafield tag="692" ind1="0" ind2="7">
      <marc:subfield code="2">gccst</marc:subfield>
      <marc:subfield code="a">Immigrant</marc:subfield>
    </marc:datafield>
    <marc:datafield tag="692" ind1="0" ind2="7">
      <marc:subfield code="2">gccst</marc:subfield>
      <marc:subfield code="a">Enseignement postsecondaire</marc:subfield>
    </marc:datafield>
    <marc:datafield tag="692" ind1="0" ind2="7">
      <marc:subfield code="2">gccst</marc:subfield>
      <marc:subfield code="a">Revenu individuel</marc:subfield>
    </marc:datafield>
    <marc:datafield tag="710" ind1="2" ind2=" ">
      <marc:subfield code="a">Statistique Canada. </marc:subfield>
      <marc:subfield code="b">Direction des études analytiques, </marc:subfield>
      <marc:subfield code="e">organisme de publication.</marc:subfield>
    </marc:datafield>
    <marc:datafield tag="775" ind1="0" ind2="8">
      <marc:subfield code="t">International students, immigration and earnings growth </marc:subfield>
      <marc:subfield code="w">(CaOODSP)9.840258</marc:subfield>
    </marc:datafield>
    <marc:datafield tag="830" ind1="#" ind2="0">
      <marc:subfield code="a">Documents de recherche (Statistique Canada. Direction des études analytiques)</marc:subfield>
      <marc:subfield code="x">1205-9161 ; </marc:subfield>
      <marc:subfield code="v">n° 395</marc:subfield>
      <marc:subfield code="w">(CaOODSP)9.500842</marc:subfield>
    </marc:datafield>
    <marc:datafield tag="856" ind1="4" ind2="0">
      <marc:subfield code="q">PDF</marc:subfield>
      <marc:subfield code="s">533 Ko</marc:subfield>
      <marc:subfield code="u">https://publications.gc.ca/collections/collection_2017/statcan/11f0019m/11f0019m2017395-fra.pdf</marc:subfield>
    </marc:datafield>
    <marc:datafield tag="986" ind1=" " ind2=" ">
      <marc:subfield code="a">11F0019M, n° 395</marc:subfield>
    </marc:datafield>
  </marc:record>
</marc:collection>
